|
|
|
|
| LEADER |
00000cam a2200000 a 4500 |
| 001 |
vtls010612129 |
| 003 |
SK-MaSNL |
| 005 |
20260301034912.0 |
| 008 |
250313s1979 fr a b 000 j fre |
| 015 |
|
|
|a SNBA1979
|
| 035 |
|
|
|a E7D27D2B-498B-4167-AFF1-EE0063796697
|
| 035 |
|
|
|a urn:nbn:sk:snk-amkcsy
|
| 035 |
|
|
|a urn:nbn:sk:snk-am008bw9
|
| 040 |
|
|
|a SNK
|b slo
|c SNK
|e AACR2
|
| 041 |
1 |
|
|a fre
|h cze
|
| 044 |
|
|
|a fr
|c FR
|
| 080 |
|
|
|a 398.2(=81)(082.21)
|2 1981
|
| 100 |
1 |
|
|a Sirovátka, Oldřich,
|d 1925-1992
|4 aut
|9 228766
|
| 245 |
1 |
0 |
|a Contes slaves
|c Racontés par Oldřich Sirovátka et Rudolf Lužík ; Illustr. de Mária Žilibská ; Trad. de M. Spivac
|
| 250 |
|
|
|a 5. éd.
|
| 260 |
|
|
|a Paris
|b Gründ
|c 1979
|
| 300 |
|
|
|a 197, [2] s.
|b ilustr.
|c 29 cm
|
| 490 |
1 |
|
|a Légendes et Contes de tous les Pays
|
| 655 |
|
7 |
|a slovanské rozprávky
|2 SNKPH
|9 177329
|
| 700 |
1 |
|
|a Lužík, Rudolf
|4 aut
|9 336577
|
| 700 |
1 |
|
|a Želibská, Mária,
|d 1913-1992
|4 ill
|9 106472
|
| 700 |
1 |
|
|a Spivac, M.
|4 trl
|9 336578
|
| 830 |
|
0 |
|a Légendes et Contes de tous les Pays
|9 336579
|
| 852 |
|
|
|a Slovenská národná knižnica
|
| 954 |
|
|
|a beletria cudzojazyčná (svetová)
|2 lita
|
| 958 |
|
|
|a OND
|
| 958 |
|
|
|a LX
|
| 958 |
|
|
|a DB
|
| 958 |
|
|
|a UP
|
| 968 |
|
|
|a Fr
|b ČES
|
| 999 |
|
|
|c 582811
|d 584741
|
| 952 |
|
|
|a SNK
|b SNK
|y PREZ
|7 0
|p 17A0971819
|o snkSB 28122
|i snkKSP 5893/79
|0 0
|1 0
|4 0
|d 2014-07-30
|f 1
|l 0
|r 2025-04-02 00:00:00
|w 2026-02-23
|